| 000 | 01408nam a2200205Ia 4500 | ||
|---|---|---|---|
| 003 | Ost | ||
| 005 | 20260507075804.0 | ||
| 008 | 260507s9999||||xx |||||||||||||| ||und|| | ||
| 040 | _cfsecg | ||
| 041 | _aara | ||
| 100 |
_aاسماعيل، يسرى خضر _eمؤلف |
||
| 245 | 0 |
_aالجدوى الاقتصادية للمشروعات الاستثمارية (ك18) / _c يسرى خضر اسماعيل |
|
| 260 |
_aالقاهرة: _bمطبعة مركز التعليم المفتوح, _c(د.ت) |
||
| 300 |
_a223 صفحة؛ _bإيضاحات ؛ _c24 سم |
||
| 504 | _aمراجع ص.211 ملاحق ص.212 | ||
| 520 | _aدورة المشروع، دراسة الجدوى للفرص الاستثمارية، البيانات اللازمة لاعداد دراسة الجدوى، استخدامات ومصادر الأموال، تقدير ربخية المشروع، التدفقات النقدية في حالة شراء الآلات، التدفقات النقدية للمشروع المتكامل، تقييم المشروع من وجهة نظر المستثمر، تقييم المشروع من وجهة نظر المستثمر الفرد، القيمة الحالية للتدفقات النقدية، تطبيقات القيمة الحالية للتدفقات النقدية، المعدل الداخلي للعائد | ||
| 653 | _aالتمويل | ||
| 653 | _aالمشروعات | ||
| 942 | _cكتاب | ||
| 999 |
_c46373 _d46373 |
||